000 00240nam a2200109Ia 4500
008 190216s9999||||xx |||||||||||||| ||und||
100 _aIrvan
245 0 _aDe Schooling Society
260 _bPenguin Books
650 _aEnglish
942 _cBK
999 _c12812
_d12812